000
00298nam a2200121Ia 4500
008
190216s9999||||xx |||||||||||||| ||und||
100
_a
Madhu Vij
245
0
_a
International Financial Management
260
_b
Himalaya Publishing House
_c
2003
300
_a
668p
650
_a
Management
942
_c
BK
999
_c
6323
_d
6323